000 00410pab a2200169 454500
008 180718b2013 xxu||||| |||| 00| 0 eng d
100 _aForti, Marina
245 _aItalian elections: Rejection of austerity
260 _c2013
300 _ap.20-23.
362 _a16 Mar
650 _aElections - Italy
650 _aElections
773 _aEconomic and Political Weekly
908 _aN
909 _a98547
999 _c98546
_d98546